000 00307nam a22001337a 4500
008 170823b xxu||||| |||| 00| 0 eng d
020 _a087150443-X
041 _aeng
080 _23RD
_a51
100 _a38
101 _aMAT
245 _aCALCULUS WITH ANALYTIC GEOMETRY
_cSWOKOWSKI, E,W
942 _2udc
_cBK
999 _c24624
_d24624